The revenge of the past : (Record no. 1049)

000 -LEADER
fixed length control field 01351nam a22003737a 4500
001 - CONTROL NUMBER
control field 4413997
003 - CONTROL NUMBER IDENTIFIER
control field OSt
005 - DATE AND TIME OF LATEST TRANSACTION
control field 20210426121736.0
008 - FIXED-LENGTH DATA ELEMENTS--GENERAL INFORMATION
fixed length control field 930318s1993 cau b 001 0 eng
010 ## - LIBRARY OF CONGRESS CONTROL NUMBER
LC control number 93010373
020 ## - INTERNATIONAL STANDARD BOOK NUMBER
International Standard Book Number 0804721343 (alk. paper) :
020 ## - INTERNATIONAL STANDARD BOOK NUMBER
International Standard Book Number 0804722471 (pbk. : alk. paper) :
040 ## - CATALOGING SOURCE
Original cataloging agency DLC
Transcribing agency DLC
Modifying agency DLC
Language of cataloging eng
041 ## - LANGUAGE CODE
Language code of text/sound track or separate title eng
043 ## - GEOGRAPHIC AREA CODE
Geographic area code e-ur---
050 00 - LIBRARY OF CONGRESS CALL NUMBER
Classification number DK266.3
Item number .S86 1993
080 ## - UNIVERSAL DECIMAL CLASSIFICATION NUMBER
Universal Decimal Classification number 94
Item number S-92
082 00 - DEWEY DECIMAL CLASSIFICATION NUMBER
Classification number 320.5/4/0947
Edition number 20
100 1# - MAIN ENTRY--PERSONAL NAME
Personal name Suny, Ronald Grigor.
245 14 - TITLE STATEMENT
Title The revenge of the past :
Remainder of title nationalism, revolution, and the collapse of the Soviet Union /
Statement of responsibility, etc. / by: Stanford University Press
260 ## - PUBLICATION, DISTRIBUTION, ETC.
Place of publication, distribution, etc. Stanford, Calif.
Name of publisher, distributor, etc. Stanford University Press
Date of publication, distribution, etc. c1993.
300 ## - PHYSICAL DESCRIPTION
Extent xix, 200 p.
Dimensions 23 cm.
365 ## - TRADE PRICE
Price amount 29.50 usd
504 ## - BIBLIOGRAPHY, ETC. NOTE
Bibliography, etc. note Includes bibliographical references and index.
650 #0 - SUBJECT ADDED ENTRY--TOPICAL TERM
Topical term or geographic name entry element Nationalism
Geographic subdivision Soviet Union.
650 #0 - SUBJECT ADDED ENTRY--TOPICAL TERM
Topical term or geographic name entry element History
9 (RLIN) 252
651 #0 - SUBJECT ADDED ENTRY--GEOGRAPHIC NAME
Geographic name Soviet Union
General subdivision History.
653 ## - INDEX TERM--UNCONTROLLED
Uncontrolled term ისტორია
653 ## - INDEX TERM--UNCONTROLLED
Uncontrolled term საბჭოთა კავშირი
856 42 - ELECTRONIC LOCATION AND ACCESS
Materials specified Publisher description
Uniform Resource Identifier <a href="http://www.loc.gov/catdir/description/cam025/93010373.html">http://www.loc.gov/catdir/description/cam025/93010373.html</a>
906 ## - LOCAL DATA ELEMENT F, LDF (RLIN)
a 7
b cbc
c orignew
d 1
e ocip
f 19
g y-gencatlg
942 ## - ADDED ENTRY ELEMENTS (KOHA)
Source of classification or shelving scheme
Koha item type Books
Holdings
Withdrawn status Lost status Source of classification or shelving scheme Damaged status Not for loan Permanent location Current location Date acquired Inventory number Total Checkouts Full call number Barcode Date last seen Price effective from Koha item type
          Ken Walker International University Ken Walker International University 01/28/2021 2526   94 S-92 2526 01/28/2021 01/28/2021 Books

Powered by Koha